000 00880nam a22002055i 4500
001 178686
003 ES-MaACL
005 20230906220603.0
008 110610s1973 sp ao |||| | spa d
080 _a576.316
100 1 _aBallesta Martínez, Francisca.
_9145911
245 1 0 _aContribución al estudio del listado o rayado cromosómico /
_cresumen de la tesis presentada para aspirar al grado de doctor en medicina por Francisca Ballesta Martínez.
260 _aBarcelona :
_bUniversidad de Barcelona, Secretariado de Publicaciones, Intercambio Científico y Extensión Universitaria :
_b[Ivern],
_c1973.
300 _a20 p. :
_bil. bl. y n. ;
_c24 cm.
500 _aCub. tomada como port.
504 _aBibliografía: p. 19-20.
650 0 4 _aCromosomas humanos.
_9147121
710 2 _aUniversidad de Barcelona.
_97141
852 _aES-MaACL
_jE-15361 (93)
_xOlim P-1374
999 _c178686
_d178686